000 00357nam a22001457a 4500
008 210602b ||||| |||| 00| 0 eng d
020 _a0814454119
041 _aeng
080 _a338
082 _a338
100 _a53
101 _aMEN
245 _aMuddling Through: The Art of Properly Un business like Management
_cRoger A. Golde
942 _2udc
_cBK
999 _c57890
_d57890